| 000 -LEADER |
| fixed length control field |
00301nam a22001337a 4500 |
| 008 - FIXED-LENGTH DATA ELEMENTS--GENERAL INFORMATION |
| fixed length control field |
240226b 2008 ||||| |||| 00| 0 eng d |
| 020 ## - INTERNATIONAL STANDARD BOOK NUMBER |
| International Standard Book Number |
9780007278596 |
| 082 ## - DEWEY DECIMAL CLASSIFICATION NUMBER |
| Item number |
PAU |
| 100 ## - MAIN ENTRY--PERSONAL NAME |
| Personal name |
Paulo, coelho |
| 245 ## - TITLE STATEMENT |
| Title |
Brinda |
| 260 ## - PUBLICATION, DISTRIBUTION, ETC. (IMPRINT) |
| Place of publication, distribution, etc |
London |
| Name of publisher, distributor, etc |
Harper collins |
| Date of publication, distribution, etc |
2008 |
| 300 ## - PHYSICAL DESCRIPTION |
| Extent |
266p. |
| 942 ## - ADDED ENTRY ELEMENTS (KOHA) |
| Item type |
Gratis Books |